000
00246nam a22000857a 4500
008
170303b xxu||||| |||| 00| 0 eng d
100
_9
3022
_a
Whittey astewart.et al
245
_a
Clarrs posetiming in Radiography
260
_a
Londan
_b
Hoader Arnnakl
_c
2005
999
_c
6265
_d
6265